00691nam a2200241 a 4500001001300000003000900013005001700022008004100039020001000080082001300090100002200103245003600125260003400161300000900195500003500204505002400239650002100263700002200284902000800306942000700314952011300321999001500434nice12345678IN_TiNIC20260116011534.0050524s1956 lona grp 000 0 eng  ac10000a241bSAL aSales, Francis De aIntroduction to the Devout Life aLondonbBurns and Oatesc1956 a261p aincludes index and biblioraphy2 aIndex, Bibliography aChristian-Ethics1 aSales, Francis De bSRS cBK 001040708StackRoom-aHMIbHMId2007-06-29g100.00l0o241 SALp03968r2007-06-29v100.00w2005-05-24yBK c2440d2440